Esbozo Histórico de la Prensa Obrera en México /

Este trabajo incluye un análisis por etapas de la prensa obrera en México y, además, dos listados: uno que agrupa a las publicaciones por gremios y organizaciones (sindicales, políticas, etc.) y otro por entidad federativa.

محفوظ في:
التفاصيل البيبلوغرافية
المؤلف الرئيسي: Bringas, Guillermina (autor)
مؤلفون آخرون: Mascareño, David (autor) (autor)
التنسيق: كتاب
اللغة:الإسبانية
منشور في: México : UNAM, 1988
الموضوعات:
الوسوم: إضافة وسم
لا توجد وسوم, كن أول من يضع وسما على هذه التسجيلة!

MARC

LEADER 00000nam^a2200000^a^4500
001 000026444
005 20250521000000.0
009 20260310084729.515
020 |a 968-36-0701-2 
037 |a Acervo ITESO - Biblioteca 
041 |a ESP 
082 |a 322. 2  |b BRI 
100 |a Bringas, Guillermina  |e (autor) 
245 1 0 |a Esbozo Histórico de la Prensa Obrera en México /  |c G. Bringas; et.al. 
264 1 |a México :  |b UNAM,  |c 1988 
300 |a 229 p. 
336 |a texto  |b txt  |2 rdacontenido 
337 |a sin mediación  |b n  |2 rdamedio 
338 |a volumen  |b nc  |2 rdasoporte 
520 |a Este trabajo incluye un análisis por etapas de la prensa obrera en México y, además, dos listados: uno que agrupa a las publicaciones por gremios y organizaciones (sindicales, políticas, etc.) y otro por entidad federativa. 
649 |a XX 
650 |a Periódicos -  |z México -  |x Historia 
650 |a Periodismo Político -  |z México -  |x Historia 
650 |a Medios Impresos -  |z México -  |x Historia 
650 |a Medios de Comunicación -  |z México -  |x Historia 
650 |a Comunicación y Política -  |z México -  |x Historia 
650 |a Movimientos Obreros -  |z México -  |x Publicaciones Periódicas 
650 |a Movimientos Obreros -  |z México -  |x Historia 
650 |a Movimientos Sociales -  |z México -  |x Historia 
650 |a Sindicalismo -  |z México -  |x Historia 
650 |a Política -  |z México -  |x Historia 
650 |a México -  |x Historia -  |y Siglo XIX 
650 |a México -  |x Historia -  |y Siglo XX 
700 |a Mascareño, David  |e (autor) 
910 |a Fondo General 
920 |a Impresos - Libros 
930 |a Colección General 
905 |a 101 
901 |a 0264440100  |b IT1  |c ACC  |i 026444  |u 20250521 
902 |a https://opac.biblio.iteso.mx/vufind/Record/000026444